书目信息 |
| 题名: |
荷尔德林书信选
|
|
| 作者: | 荷尔德林 著 ;张红艳, 译 | |
| 分册: | ||
| 出版信息: | 北京 中华工商联合出版社 2018.08 |
|
| 页数: | 233页 | |
| 开本: | 20cm | |
| 丛书名: | 聆听大师的内心独白 | |
| 单 册: | ||
| 中图分类: | K835.165.6=41 | |
| 科图分类: | ||
| 主题词: | 书信集--shu xin ji--德国--近代 | |
| 电子资源: | ||
| ISBN: | 978-7-5158-2289-1 | |
| 000 | 01434nam 2200313 450 | |
| 001 | CAL 0120182555453 | |
| 005 | 20180914154809.7 | |
| 010 | @a978-7-5158-2289-1@b精装@dCNY48.00 | |
| 100 | @a20180913d2018 em y0chiy50 ea | |
| 101 | 1 | @achi@cger |
| 102 | @aCN@b110000 | |
| 105 | @ay z 000ey | |
| 106 | @ar | |
| 200 | 1 | @a荷尔德林书信选@Ahe er de lin shu xin xuan@f(德) 荷尔德林著@g张红艳译 |
| 210 | @a北京@c中华工商联合出版社@d2018.08 | |
| 215 | @a233页@c@d20cm | |
| 225 | 2 | @a聆听大师的内心独白@Aling ting da shi de nei xin du bai |
| 300 | @a名人传世信札 大师私人话语 | |
| 314 | @a荷尔德林, 德国18世纪末19世纪初最著名的诗人之一。张红艳, 现任北京大学德语系讲师。 | |
| 330 | @a本书辑录了德国著名诗人荷尔德林的66封书信, 这些书信分别出自其生活的不同时期, 但自成一体, 从中我们不难看到这位伟大诗人的复杂情感与丰富思想。他在日常生活事件的叙述中所呈现出的特殊思维方式, 可以看作是其伟大诗作中所散发睿智的一个极为重要的补充。书信的平易与笔调的流畅更为我们直接进入诗人内心深处提供了一扇方便之门。 | |
| 410 | 0 | @12001 @a聆听大师的内心独白 |
| 600 | 1 | @a荷尔德林@Ahe er de lin@g(Holderlin, Friedrich),@f1770-1843@x书信集 |
| 606 | 0 | @a书信集@Ashu xin ji@y德国@z近代 |
| 690 | @aK835.165.6=41@v5 | |
| 701 | 1 | @a荷尔德林@Ahe er de lin@g(Holerlin, Friderich),@f1770-1843@4著 |
| 702 | 0 | @a张红艳,@Azhang hong yan@f1968-@4译 |
| 801 | 0 | @aCN@b人天书店@c20180913@g |
| 905 | @aBZT@dK835.165.6=41@e2 | |
| 906 | @dCNY48.00@n3@r1 | |
| 荷尔德林书信选/(德) 荷尔德林著/张红艳译.-北京:中华工商联合出版社,2018.08 |
| 233页;20cm.-(聆听大师的内心独白) |
| 名人传世信札 大师私人话语 |
| ISBN 978-7-5158-2289-1(精装):CNY48.00 |
| 本书辑录了德国著名诗人荷尔德林的66封书信, 这些书信分别出自其生活的不同时期, 但自成一体, 从中我们不难看到这位伟大诗人的复杂情感与丰富思想。他在日常生活事件的叙述中所呈现出的特殊思维方式, 可以看作是其伟大诗作中所散发睿智的一个极为重要的补充。书信的平易与笔调的流畅更为我们直接进入诗人内心深处提供了一扇方便之门。 |
| ● |
| 相关链接 |
|
|
|
正题名:荷尔德林书信选
索取号:K835.165.6=41/2
 
预约/预借
| 序号 | 登录号 | 条形码 | 馆藏地/架位号 | 状态 | 备注 |
| 1 | 852163 | 2000852163 | 第二书库/ [索取号:K835.165.6=41/2] | 在馆 | |
| 2 | 852164 | 2000852164 | 第二书库/ [索取号:K835.165.6=41/2] | 在馆 | |
| 3 | 852165 | 2000852165 | 第二书库/ [索取号:K835.165.6=41/2] | 在馆 |